00707cam a22002537a 4500003000500000005001700005008004100022010001000063011001000073020001800083035001100101040000900112082002000121110000800141245004700149260002300196300001000219490006600229650003200295650001900327650001100346650003000357830006600387CHAP20220817044254.0090608s2009 it rn 00010 eng d a96331 a97303 a9789251061862 a107967 cCHAP a639.2bF41 v.122 aFAO10aInformation and knowledge sharingc/by FAO aRome :bFAO,c2009 a97 p. 0aFAO. Orientaciones técnicas para la pesca responsablev; 1214aConocimiento, Teoría del.14aInformación.14aPesca.14aSistema de información. 0aFAO. Orientaciones técnicas para la pesca responsablev; 12